000
00307 a2200121 4500
001
146844
040
_c
Escola São Tomás de Aquino
100
_a
POMPEIA, Raul
240
1
0
_a
O Ateneu
_l
por
245
1
0
_a
O Ateneu
697
_a
Caricaturas, desenho animado, cômico, fotonovelas / Quadrinhos
942
_c
BK
999
_c
146844
_d
146844